=LDR 00000nam 2200000 4500 =001 INLIS000000000035532 =005 20210617082516 =035 ##$$a 0010-061300000035532 =008 210617###########################0#ind## =041 ##$$a ind =082 ##$$a 341.77 =090 ##$$a 341.77, Huk h =245 ##$$a Hukum pidana Internasional dan perempuan, Sebuah buku acuan untuk praktisi/Editor, Galuh Wandita , Atikah Nuraini =260 ##$$a [20...] :$b Jakarta =300 ##$$a ... Jil., Ilus., 30 cm =650 #4$$a Hukum Pidana - Internasional =700 #$$a Wandita, Galuh =850 ##$$a NBPNMAT